Score 0/16 Timer 02:00
0 Plays Today
Movie Title Missing Word % Correct
Kiss _____ Bang BangKiss
92.9%
Deja _____Vu
92.6%
The _____ McCoyReal
91.4%
At _____ SightFirst
86.4%
_____ GunTop
82.2%
The _____ of Dr. MoreauIsland
74.9%
The _____ of EgyptPrince
73.7%
_____ RomanceTrue
64.9%
Movie Title Missing Word % Correct
The _____ GuruLove
63.7%
Batman _____Forever
57.8%
_____ PlanetRed
40.8%
The _____ in the Rue MorgueMurders
30.8%
Real _____Genius
29%
The Salton _____Sea
27.8%
Top _____!Secret
25.6%
The _____ and the DarknessGhost
23.2%

Today's Daily Dose

Missing Word
I Hardly Know Her!

Word Ladder
Sentence Ending

Quick Pick
Female Firsts

Get the Picture
Triathlon Sports

Remove Ads.
Support Sporcle.
Get the best of Sporcle when you Go Orange. This ad-free experience offers more features, more stats, and more fun while also helping to support Sporcle. Thank you for becoming a member.

You're not logged in!

Compare scores with friends on all Sporcle quizzes.
OR
Log In

Show Comments

Extras

Top Quizzes Today


Score Distribution

Your Account Isn't Verified!

In order to create a playlist on Sporcle, you need to verify the email address you used during registration. Go to your Sporcle Settings to finish the process.

Report this User

Report this user for behavior that violates our Community Guidelines.

Details: